| 000 | 00000nam##2200000za#4500 |
| 001 | 9.571556 |
| 003 | CaOODSP |
| 005 | 20211126112844 |
| 007 | cr ||||||||||| |
| 008 | 150406|2000||||xxc|||||o f|0| 0 eng|d |
| 022 | |a1701-9397 |
| 040 | |aCaOODSP|beng |
| 043 | |an-cn--- |
| 086 | 1 |aFB3-2/100-14E-PDF |
| 110 | 2 |aBank of Canada. |
| 245 | 10|aEmployment effects of nominal-wage rigidity : |h[electronic resource]|ban examination using wage-settlements data / |cby Umar Ahmed Faruqui. |
| 260 | |aOttawa - Ontario : |bBank of Canada |cJuly 2000. |
| 300 | |a30p.|breferences, tables |
| 490 | 1 |aBank of Canada working paper|x1701-9397|v2000-14 |
| 500 | |a"This paper focuses on the employment effect of DNWR (downward nominal-wage rigidity). It reviews the evidence presented by Simpson, Cameron, and Hum (1998), in light of a potential bias problem associated with their reduced-form model.We describe modifications to their employment model that aim to better isolate the effects of DNWR on employment growth."--Abstract. |
| 500 | |aThe ISBN (0-662-29134-4) and ISSN (1192-5434) for the print edition have been incorrectly copied in this electronic publication. |
| 520 | 3 |aThis paper focuses on the employment effect of DNWR (downward nominal-wage rigidity). It reviews the evidence presented by Simpson, Cameron, and Hum (1998), in light of a potential bias problem associated with their reduced-form model.We describe modifications to their employment model that aim to better isolate the effects of DNWR on employment growth.--Abstract |
| 546 | |aRésumé en français. |
| 590 | |a11-19-Supp|b2011-09-23 |
| 690 | 07|aInflation|2gcpds |
| 690 | 07|aSalaries|2gcpds |
| 690 | 07|aEmployment|2gcpds |
| 720 | 1 |aFaruqui, Umar Ahmed |
| 776 | 0#|tEmployment effects of nominal wage rigidity : |w(CaOODSP)9.615244 |
| 830 | #0|aWorking paper (Bank of Canada)|x1701-9397|v2000-14|w(CaOODSP)9.504604 |
| 856 | 40|ahttp://publications.gc.ca|qPDF|s160 KB|uhttps://publications.gc.ca/collections/Collection/FB3-2-100-14E.pdf|y2000-14 |